00496nam a2200157Ia 4500003000900000008004100009040001600050080001800066245007200084260004800156300001400204650004100218650002600259650002900285700002400314IN-BaIIA211028s9999 xx 000 0 eng d cIIA Library a(05)52bANN-8 0aAnnual review of astronomy and astrophysicscedited by Leo Goldberg aPalo Alto, CaliforniabAnnual Reviewsc1970 aix, 495p. aAstronomy and astrophysics thesaurus aAstronomy-Periodicals aAstrophysics-Periodicals aGoldberg, Leo., ed.